30 biggest European cities by letter (with a map) -N - Statistics

General Stats
  • This quiz has been taken 1,031 times
  • The average score is 14 of 30
Answers on the Map
Answers color-coded by a green-red scale on the quiz's map according to % correct below.
 
Answer Stats
Answer Population % Correct
Naples 972 212
99%
Nuremberg 509 975
96%
Nice 343 895
94%
Nantes 298 029
91%
Newcastle upon Tyne 296 500
89%
Nicosia 276 410
86%
Nottingham 321 500
81%
Novi Sad 277 522
75%
Norwich 141 800
74%
Nancy 104 321
63%
Niš 183 164
58%
Nîmes 151 075
57%
Northampton 225 500
56%
Newport 145 736
52%
Nijmegen 172 063
51%
Namur 110 632
46%
Veliky Novgorod 221 868
39%
Novara 104 284
35%
Nitra 78,916
32%
Nanterre 93.742
29%
Neuss 155 414
28%
Novorossiysk 266 977
21%
Nyíregyháza 118 058
19%
Nowy Sącz 83,896
18%
Nikopol 115 756
15%
Novocherkassk 168 766
10%
Novomoskovsk 125 647
9%
Nikaia 89,380
8%
Novoshakhtinsk 111,075
8%
Noginsk 102 267
5%
No matching quizzes found
Score Distribution
Percent of People with Each Score
Percentile by Number Answered
Your Score History
You have not taken this quiz